000 00596nam a2200217 i 4500
001 bg
100 1 _aCODUTO, Donald P.
245 1 0 _aFoundation design :
_bprinciples and practices /
_cDonald P. Coduto.
250 _a2nd ed.
260 _aUpper Saddle River :
_bPrentice Hall,
_ccop. 2001.
300 _aXXII,883 s. :
_bil. ;
_c24 cm.
504 _aBibliogr. s. 849-874. -Indeks.
650 9 _aFundamenty
_xprojekty
020 _a0135897068
040 _cBPK
041 0 _aen
080 _a624.15
920 _a0-13-589706-8
942 _cKS
008 s pl f |000 0 pol
999 _c37632
_d37632
856 _uhttp://koha.tu.koszalin.pl/cgi-bin/koha/opac-detail.pl?biblionumber=37632
_yKatalog online BPK